000 00605nam a22001937a 4500
003 OSt
005 20180316143111.0
008 160530b xxu||||| |||| 00| 0 eng d
020 _a0443073740
040 _cDLMN.
082 _aQV797C738a 2007.
100 _aEdited by Cumming,D.Allan; Simpson,R.Karen; Brown,David;
_99143
245 _aComplementary and Alternative Medicine.
_ban illustrated colour text.
260 _aEdinburgh;
_bChurchill Livingstone.
_c2007
300 _avii,85p;
_bCol,ill;
_c31cm.
504 _aincludes index and references.
650 _aPharmacology.
_9357
942 _2z
_cO_SHELF
999 _c4244
_d4244